000 00402nam a22001697a 4500
003 MPLRDC
005 20220104144041.0
008 210129b ||||| |||| 00| 0 eng d
082 _a868.71 FX-6 c.3
100 _a方修
245 _a马华新文学简史
_c
250 _a一版七刷
260 _a
_b董总出版
_c1995
300 _b
650 _a马华文学
942 _cBK
_o868.71 FX-6 c.3
999 _c45898
_d45888